书目信息 |
| 题名: |
早期中国历史、思想与文化
|
|
| 作者: | 艾兰 著 ;杨民 译 | |
| 分册: | ||
| 出版信息: | 北京 商务印书馆 2011.07 |
|
| 页数: | 11,316页 | |
| 开本: | 21cm | |
| 丛书名: | 艾兰文集 | |
| 单 册: | ||
| 中图分类: | B210.5 , K220.3 | |
| 科图分类: | ||
| 主题词: | 思想史--研究--中国--古代 , 文化史--研究--中国--古代 , 思想史 , 文化史 | |
| 电子资源: | ||
| ISBN: | 978-7-100-08414-7 | |
| 000 | 01191oam2 2200349 450 | |
| 001 | 010000009228 | |
| 005 | 20120618151000.68 | |
| 010 | @a978-7-100-08414-7@dCNY26.00 | |
| 100 | @a20110806d2011 em y0chiy50 ea | |
| 101 | 1 | @achi@ceng |
| 102 | @aCN@b110000 | |
| 105 | @aa z 000yy | |
| 106 | @ar | |
| 200 | 1 | @a早期中国历史、思想与文化@9zao qi zhong guo li shi、si xiang yu wen hua@f(美)艾兰(Sarah Allan)著@g杨民等译 |
| 205 | @a增订版 | |
| 210 | @a北京@c商务印书馆@d2011.07 | |
| 215 | @a11,316页@c图@d21cm | |
| 225 | 2 | @a艾兰文集@v4 |
| 312 | @a封面英文题名:Early Chinese history, thought and culture | |
| 330 | @a本书分为10章,内容包括:现代中国民间宗教的商代基础;太阳之子:古代中国的神话和图腾主义;夏之谜;“亞”形与殷人的宇宙观等。 | |
| 461 | 0 | @12001 @a艾兰文集@v4 |
| 510 | 1 | @aEarly Chinese history, thought and culture@zeng |
| 606 | 0 | @a思想史@x研究@y中国@z古代 |
| 606 | 0 | @a文化史@x研究@y中国@z古代 |
| 606 | 0 | @a思想史 |
| 606 | 0 | @a文化史 |
| 690 | @aB210.5@v4 | |
| 690 | @aK220.3@v4 | |
| 701 | 0 | @c(美)@a艾兰@9ai lan@c(Allan, Sarah)@4著 |
| 702 | 0 | @a杨民@9yang min@4译 |
| 801 | 0 | @aCN@bRENTIAN@c20110806 |
| 905 | @b538327-31@dB210.5@e138=2@f5 | |
| 早期中国历史、思想与文化/(美)艾兰(Sarah Allan)著/杨民等译.-增订版.-北京:商务印书馆,2011.07 |
| 11,316页:图;21cm.-(艾兰文集;4) |
| ISBN 978-7-100-08414-7:CNY26.00 |
| 本书分为10章,内容包括:现代中国民间宗教的商代基础;太阳之子:古代中国的神话和图腾主义;夏之谜;“亞”形与殷人的宇宙观等。 |
| ● |
| 相关链接 |
|
|
|
|
正题名:早期中国历史、思想与文化
索取号:B210.5/138=2
 
预约/预借
| 序号 | 登录号 | 条形码 | 馆藏地/架位号 | 状态 | 备注 |
| 1 | 538327 | 205383271 | 第一样本阅览室/ [索取号:B210.5/138=2] | 在馆 | |
| 2 | 538328 | 205383280 | 第一借阅区/ [索取号:B210.5/138=2] | 在馆 | |
| 3 | 538329 | 205383299 | 第一借阅区/ [索取号:B210.5/138=2] | 在馆 | |
| 4 | 538330 | 205383306 | 第一借阅区/ [索取号:B210.5/138=2] | 在馆 | |
| 5 | 538331 | 205383315 | 第一借阅区/ [索取号:B210.5/138=2] | 在馆 |